Every Song by We the Kings - Statistics

General Stats
  • This quiz has been taken 13 times
    8 since last reset
  • The average score is 14 of 85
Answer Stats
Album Song % Correct
We the Kings(2007) Skyway Avenue
100%
We the Kings(2007) Secret Valentine
100%
Somewhere Somehow(2013) Sad Song
75%
We the Kings(2007) Check Yes Juliet
75%
Self Titled Nostalgia(2017) Ally
50%
Sunshine State of Mind(2011) Say You Like Me
50%
Somewhere Somehow(2013) Queen of Hearts
50%
Strange Love(2015) Runaway
50%
We the Kings(2007) This Is Our Town
50%
SAGA(2021) Turn it UP
50%
Six(2018) Alive
25%
Strange Love(2015) Completely
25%
Somewhere Somehow(2013) Any Other Way
25%
We the Kings(2007) Don't Speak Liar
25%
Somewhere Somehow(2013) Just Keep Breathing
25%
Somewhere Somehow(2013) See You in My Dreams
25%
Six(2018) Even If It Kills Me
25%
SAGA(2021) Falling(So in Love)
25%
Six(2018) Festival Music
25%
Strange Love(2015) From Here to Mars
25%
Strange Love(2015) Howl at the Moon
25%
Somewhere Somehow(2013) I Feel Alive
25%
Somewhere Somehow(2013) I Like It
25%
Six(2018) Immortal
25%
Six(2018) I Won't Settle
25%
Strange Love(2015) Love Again
25%
SAGA(2021) Love Me or Let Me Down
25%
Six(2018) Mama Knows Best
25%
SAGA(2021) No 1 Like U
25%
Six(2018) On My Love
25%
Six(2018) Planes, Trains & Cars
25%
Six(2018) Ride
25%
We the Kings(2007) All Again for You
25%
We the Kings(2007) August is Over
25%
We the Kings(2007) Stay Young
25%
We the Kings(2007) The Quiet
25%
We the Kings(2007) Whoa
25%
SAGA(2021) The Light
25%
Six(2018) The Ocean and the Sun
25%
SAGA(2021) These Nights
25%
Six(2018) What I Wouldn't Give
25%
Between the Ink and Paper(2006) A Life, a Love, a Lie
0%
Strange Love(2015) All the Way
0%
Smile Kid(2009) Anna Maria(All We Need)
0%
Secret Valentine(2008) Bring Out Your Best
0%
Somewhere Somehow(2013) Art of War
0%
Somewhere Somehow(2013) Die Young Live Forever
0%
Sunshine State of Mind(2011) Every Single Dollar
0%
Smile Kid(2009) Heaven Can Wait
0%
Sunshine State of Mind(2011) Kiss Me Last
0%
Sunshine State of Mind(2011) Over You
0%
Somewhere Somehow(2013) Phoenix Hearts
0%
Somewhere Somehow(2013) Say It Now
0%
Sunshine State of Mind(2011) Sleep with Me
0%
Sunshine State of Mind(2011) Somebody to Call My Own
0%
Somewhere Somehow(2013) That Feeling
0%
Sunshine State of Mind(2011) The Secret to New York
0%
Sunshine State of Mind(2011) The View from Here
0%
Smile Kid(2009) We'll Be a Dream
0%
Smile Kid(2009) What You Do to Me
0%
Sunshine State of Mind(2011) You and Only You
0%
Somewhere Somehow(2013) Find You There
0%
Sunshine State of Mind(2011) Friday is Forever
0%
Between the Ink and Paper(2006) Headlines Read Out...
0%
Strange Love(2015) Heaven So Close
0%
Between the Ink and Paper(2006) I Gave Birth to the Twentieth Century
0%
Smile Kid(2009) In-n-Out (Animal Style)
0%
Between the Ink and Paper(2006) It's Beautiful After the End
0%
Between the Ink and Paper(2006) It Would Take Something Like This for Us to Forget
0%
Strange Love(2015) Jenny's Song
0%
Secret Valentine(2008) Make It or Not
0%
Non-Album(2012) Party, Fun, Love & Radio
0%
Smile Kid(2009) Promise the Stars
0%
Smile Kid(2009) Rain Falls Down
0%
Strange Love(2015) She
0%
Smile Kid(2009) She Takes Me High
0%
We the Kings(2007) Headlines Read Out...
0%
Smile Kid(2009) The Story of Your Life
0%
Smile Kid(2009) Spin
0%
Sunshine State of Mind(Bonus)(2011) Summer
0%
Smile Kid(2009) Summer Love
0%
Secret Valentine(2008) There is a Light
0%
So Far(2016) The Story of Tonight
0%
Strange Love(2015) XO
0%
Between the Ink and Paper(2006) You Know You've Got It
0%
No matching quizzes found
Score Distribution
Percent of People with Each Score
Percentile by Number Answered
Your Score History
You have not taken this quiz since the last reset